Pierre Vilar: una historia total, una historia en construcción

Guardado en:
Detalles Bibliográficos
Autores principales: Cohen, Arón (Autor), Congost, Rosa (Autor), Funa, Pablo F (Autor)
Formato: Libro
Lenguaje:español
Publicado: Granada Universidad de Granada 2006
Materias:
Etiquetas: Agregar Etiqueta
Sin Etiquetas, Sea el primero en etiquetar este registro!

MARC

LEADER 00000nam a2200000 a 4500
001 UCI1224
003 CL-VaPUC
008 070622e20060000SP |||||||||||||||||spa|d
020 |a 8433839683 
082 0 4 |a 907  |b COH  |2 21 
100 0 |a Cohen, Arón  |e author  |9 521583 
700 0 |a Congost, Rosa  |e author  |9 521584 
700 0 |a Funa, Pablo F  |e author  |9 521585 
245 1 0 |a Pierre Vilar: una historia total, una historia en construcción 
300 |a 321 p 
942 |c BK 
945 |d 20070622 00:00:00  |a jtorresc 
260 |a Granada  |b Universidad de Granada  |c 2006 
600 0 7 |a VILAR, PIERRE  |2 CL-VaPUC  |9 497102 
650 0 |a Historiadores  |9 314498 
650 0 |a Historia  |9 255047 
583 |a last modification  |c 20070622 00:00:00  |k Rodrigo Vera 
999 |c 326064  |d 326062 
952 |0 0  |1 0  |4 0  |6 907_000000000000000_COH_2006  |7 0  |8 A  |9 407749  |a BIBHIS  |b BIBHIS  |d 2019-11-22  |i 4351614  |o 907 COH 2006  |p 4351614  |r 2025-01-20  |w 2019-11-22  |y BK  |k HIS